[Event "Women's Speed Chess Q4"]
[Site "chess.com INT"]
[Date "2021.06.03"]
[Round "10"]
[White "Kanyamarala, Trisha"]
[Black "Dauletova, Gulmira"]
[Result "1-0"]
[WhiteTitle "WIM"]
[BlackTitle "WGM"]
[WhiteElo "2180"]
[BlackElo "2285"]
[WhiteFideId "45004722"]
[BlackFideId "13702971"]
[EventDate "2021.06.03"]

1. e4 e5 2. Nf3 Nc6 3. Bc4 Bc5 4. O-O Nf6 5. d3 d6 6. h3 h6 7. c3 O-O 8. a4 a5
9. Nbd2 Ne7 10. Re1 Ng6 11. Nf1 Re8 12. Ng3 d5 13. exd5 Nxd5 14. Qb3 c6 15. Ne4
Bf8 16. Bd2 Rb8 17. Rad1 Be6 18. Qc2 c5 19. Bb5 Bd7 20. Bc4 Bc6 21. d4 exd4 22.
cxd4 cxd4 23. Nxd4 Ne5 24. Bb3 Rc8 25. Qb1 Qb6 26. Bxd5 Bxd5 27. Be3 Nc4 28. Nc3
Nxe3 29. fxe3 Bc4 30. Qc2 Bb4 31. Qf2 Bxc3 32. bxc3 Rc7 33. Nf5 Qf6 34. Qg3 Rc6
35. e4 Rce6 36. Rf1 Qg6 37. Qxg6 Rxg6 38. Nd6 Bxf1 39. Nxe8 Bxg2 40. Kf2 Bxe4
41. Rd8 Kh7 42. Nd6 Bc6 43. Ke3 Bxa4 44. Nxf7 Rg3+ 45. Kd4 Rxh3 46. Rh8+ Kg6 47.
Ne5+ Kh5 48. Rf8 g5 49. Rf6 Rh4+ 50. Kd5 g4 51. Nf7 1-0

[Event "Women's Speed Chess Q4"]
[Site "chess.com INT"]
[Date "2021.06.03"]
[Round "10"]
[White "Mkrtchian, Lilit"]
[Black "Socko, Monika"]
[Result "1-0"]
[WhiteTitle "IM"]
[BlackTitle "GM"]
[WhiteElo "2388"]
[BlackElo "2421"]
[WhiteFideId "13300601"]
[BlackFideId "1106619"]
[EventDate "2021.06.03"]

1. e4 e6 2. Qe2 c5 3. Nf3 Nc6 4. c3 g6 5. g3 Bg7 6. Bg2 Nge7 7. h4 h6 8. O-O O-O
9. d4 cxd4 10. cxd4 d5 11. e5 Nf5 12. Rd1 Bd7 13. Nc3 f6 14. Bf4 fxe5 15. Bxe5
Rc8 16. Bxg7 Kxg7 17. Qd2 Qf6 18. Ne2 Nd6 19. Nf4 Ne4 20. Qe1 Rf7 21. a3 a6 22.
Qe3 Rcf8 23. Nd3 Qe7 24. Nfe5 Nxe5 25. Nxe5 Rxf2 26. Bxe4 dxe4 27. Qxe4 R8f5 28.
Qxb7 Rf7 29. Qxd7 Qxd7 30. Nxd7 Rxb2 31. Nc5 Rff2 32. Nxe6+ Kg8 33. Nf4 g5 34.
hxg5 hxg5 35. Nd3 Rg2+ 36. Kf1 Rbc2 37. Rac1 Ra2 38. Rc8+ Kg7 39. Rc7+ Kg6 40.
Rc6+ Kf5 41. Re1 Rh2 42. Rc5+ Kg4 43. Kg1 Rhg2+ 44. Kf1 Rh2 45. Kg1 Rag2+ 46.
Kf1 Rxg3 47. Nf2+ Kh4 48. Re4+ Kh5 49. Ree5 Rgg2 50. Rf5 Kh4 51. Rce5 g4 52.
Rh5+ Kg3 53. Rxh2 Rxh2 54. Re4 1-0

[Event "Women's Speed Chess Q4"]
[Site "chess.com INT"]
[Date "2021.06.03"]
[Round "10"]
[White "Bommini, Mounika Akshaya"]
[Black "Vu, Bui Thi Thanh Van"]
[Result "1-0"]
[WhiteTitle "WFM"]
[BlackTitle "WFM"]
[WhiteElo "2029"]
[BlackElo "1750"]
[WhiteFideId "25019872"]
[BlackFideId "12408921"]
[EventDate "2021.06.03"]

1. d4 e6 2. c4 f5 3. Nc3 Nf6 4. f3 Bb4 5. a3 Bxc3+ 6. bxc3 O-O 7. Nh3 d6 8. Nf2
e5 9. e3 Nc6 10. Be2 Qe7 11. O-O b6 12. e4 f4 13. g3 fxg3 14. hxg3 Qf7 15. Kg2
Na5 16. d5 Ba6 17. Rh1 Bxc4 18. Bxc4 Nxc4 19. g4 b5 20. Nh3 h6 21. Qe2 Qg6 22.
Nf2 Rf7 23. a4 Raf8 24. axb5 Nb6 25. Rxa7 Nfd7 26. Rh3 Nf6 27. Be3 h5 28. Rg3
hxg4 29. Nxg4 Nxg4 30. Rxg4 Qf6 31. Rg3 Nc8 32. Ra8 Ne7 33. Rxf8+ Rxf8 34. Bg5
Qf7 35. Bxe7 Qxe7 36. Qe3 Qd7 37. Qg5 Rf7 38. c4 Qc8 39. Qg6 Qa8 40. Qe6 Qa2+
41. Kh3 Qxc4 42. Qe8+ Rf8 43. Qe6+ Rf7 44. Qe8+ Rf8 45. Qg6 Rf7 46. b6 cxb6 47.
Qe6 Qc8 48. Qxc8+ Rf8 49. Qe6+ Rf7 50. Qxd6 1-0

[Event "Women's Speed Chess Q4"]
[Site "chess.com INT"]
[Date "2021.06.03"]
[Round "10"]
[White "Farhat Willemstein, Stela Souza"]
[Black "Eswaran, Aksithi"]
[Result "0-1"]
[WhiteTitle "WFM"]
[BlackTitle "WCM"]
[WhiteElo "1758"]
[BlackElo "1745"]
[WhiteFideId "2109808"]
[BlackFideId "2083485"]
[EventDate "2021.06.03"]

1. e4 c5 2. Nf3 Nc6 3. d4 cxd4 4. Nxd4 Nf6 5. Nc3 e5 6. Ndb5 d6 7. a4 Be6 8. Bd3
a6 9. Na3 Rc8 10. Bg5 Be7 11. O-O O-O 12. Bxf6 Bxf6 13. Nd5 Bxd5 14. exd5 Ne7
15. Be4 g6 16. c3 Bg7 17. Bf3 f5 18. Nc2 Qd7 19. Re1 e4 20. Be2 f4 21. Bg4 Nf5
22. Rxe4 h5 23. Bh3 Qc7 24. Nd4 Bxd4 25. cxd4 Qf7 26. Bxf5 Qxf5 27. Re7 Qxd5 28.
Qd3 Qf5 29. Qxf5 Rxf5 30. Rxb7 Rd5 31. Rd1 Rxd4 32. f3 Rdc4 33. Rd7 R8c6 34.
R7xd6 Rxd6 35. Rxd6 Rc1+ 36. Kf2 Rc2+ 37. Ke1 Rxg2 38. Rd2 Rg1+ 39. Ke2 Ra1 40.
b3 Ra3 41. Rb2 Kf7 42. Kd3 Ke6 43. Kc2 Kd5 44. Rb1 Kc5 45. Kb2 Kb4 46. Kc2 Ra2+
47. Rb2 Rxb2+ 48. Kxb2 g5 49. h3 g4 50. hxg4 hxg4 51. fxg4 f3 52. g5 f2 53. g6
f1=Q 54. g7 Qe2+ 55. Kc1 Qg4 56. g8=Q Qxg8 57. Kd2 Qxb3 0-1

[Event "Women's Speed Chess Q4"]
[Site "chess.com INT"]
[Date "2021.06.03"]
[Round "10"]
[White "Padmini, Rout"]
[Black "Osmak, Iulija"]
[Result "0-1"]
[WhiteTitle "IM"]
[BlackTitle "IM"]
[WhiteElo "2370"]
[BlackElo "2425"]
[WhiteFideId "5029295"]
[BlackFideId "14101602"]
[EventDate "2021.06.03"]

1. e4 e6 2. d4 d5 3. e5 c5 4. c3 Qb6 5. Nf3 Nc6 6. Bd3 Bd7 7. O-O cxd4 8. Nbd2
dxc3 9. bxc3 Nge7 10. Nb3 Ng6 11. Re1 Be7 12. g3 Qc7 13. Qe2 O-O 14. Nbd4 Nxd4
15. cxd4 Rfc8 16. h4 Nf8 17. Bd2 a6 18. a4 Qd8 19. Ng5 h6 20. Nh3 Qe8 21. Nf4
Bxa4 22. Nh5 Bb5 23. Bxb5 axb5 24. Qg4 Ng6 25. Nxg7 Kxg7 26. h5 Rxa1 27. Rxa1
Rc6 28. Kg2 Kh7 29. hxg6+ fxg6 30. Rh1 h5 31. Qf4 Qf8 32. Qe3 Kg8 33. f3 Qf5 34.
g4 hxg4 35. fxg4 Qxg4+ 36. Kf1 Ra6 37. Rg1 Ra1+ 38. Bc1 Qd1+ 39. Kg2 Qc2+ 40.
Kh1 Qe4+ 41. Qxe4 dxe4 42. Rxg6+ Kf7 43. Rg1 b4 44. Bb2 Rxg1+ 45. Kxg1 Bg5 46.
Kf2 Kg6 47. Ke2 Kf5 48. Ba1 b5 49. Bb2 b3 50. Kf2 Bd2 51. Ke2 Ba5 52. Ke3 Bb4
53. Ke2 Kf4 54. Kf2 e3+ 55. Ke2 Ke4 56. Bc1 Bc3 57. Ba3 b2 58. Bxb2 Bxb2 0-1

[Event "Women's Speed Chess Q4"]
[Site "chess.com INT"]
[Date "2021.06.03"]
[Round "10"]
[White "Papp, Petra"]
[Black "Sviridova, Vlada"]
[Result "0-1"]
[WhiteTitle "WGM"]
[BlackTitle "WFM"]
[WhiteElo "2336"]
[BlackElo "2144"]
[WhiteFideId "739049"]
[BlackFideId "24109606"]
[EventDate "2021.06.03"]

1. e4 e6 2. d4 d5 3. Nc3 Bb4 4. e5 Bxc3+ 5. bxc3 c5 6. Qg4 Kf8 7. h4 Ne7 8. h5
h6 9. Rh3 Nbc6 10. Bd3 c4 11. Be2 b5 12. Nf3 a5 13. Nh4 b4 14. Rf3 Nf5 15. Nxf5
exf5 16. Qf4 Be6 17. Rh3 Qd7 18. a4 Kg8 19. Rh4 Kh7 20. g4 fxg4 21. Bxg4 Bxg4
22. Rxg4 Rae8 23. Be3 Rhf8 24. Ke2 f5 25. Rg6 Re6 26. Rag1 Rf7 27. Qg3 Nd8 28.
Rxe6 Nxe6 29. Qg6+ Kg8 30. Bxh6 Nf8 31. Qg2 Kh7 32. Bf4 b3 33. h6 g6 34. Bg5
bxc2 35. Bf6 Qxa4 36. Bg7 Qc6 37. Bxf8 Rxf8 38. Qg5 Rf7 39. Qd8 Qd7 40. Qa8 f4
41. Rg5 f3+ 42. Kd2 Qe7 43. Rg3 Qe6 44. Kxc2 Qf5+ 45. Kb2 Qd3 46. Qxa5 Qd2+ 47.
Ka3 Rb7 48. Qb4 Rxb4 49. Kxb4 Qb2+ 50. Kc5 Qxc3 51. Kxd5 Qd3 52. e6 c3 53. e7
Qe2 54. Kd6 c2 55. Kd7 c1=Q 56. d5 Qf4 57. d6 Qf5+ 58. Kd8 Qf7 59. Rg4 Qb5 60.
Re4 Qbe8+ 61. Kc7 Qf5 62. Rd4 Qfd7+ 63. Kb6 Qc6+ 64. Ka5 Qea8+ 65. Kb4 Qab7+ 66.
Ka3 Qca6+ 67. Ra4 Qd3+ 68. Ka2 Qbb3+ 69. Ka1 Qdb1# 0-1

[Event "Women's Speed Chess Q4"]
[Site "chess.com INT"]
[Date "2021.06.03"]
[Round "10"]
[White "Antolak, Julia"]
[Black "Dordzhieva, Dinara"]
[Result "0-1"]
[WhiteTitle "WIM"]
[BlackTitle "WGM"]
[WhiteElo "2306"]
[BlackElo "2334"]
[WhiteFideId "1159569"]
[BlackFideId "24157570"]
[EventDate "2021.06.03"]

1. e4 c5 2. Nf3 Nc6 3. Bb5 d6 4. O-O Bd7 5. Re1 a6 6. Bf1 Bg4 7. c3 g6 8. h3
Bxf3 9. Qxf3 Bg7 10. d3 Nf6 11. Bg5 h6 12. Be3 Nd7 13. Nd2 O-O 14. Qe2 b5 15. f3
b4 16. Rac1 Qa5 17. Nc4 Qc7 18. Red1 bxc3 19. bxc3 Nb6 20. d4 Nxc4 21. Qxc4 Na5
22. Qa4 c4 23. d5 Rfb8 24. Bd4 Rb2 25. Bxg7 Kxg7 26. Rd4 Qc5 27. Kh1 Rc8 28.
Rcd1 h5 29. R1d2 Rb1 30. Rd1 Rb2 31. R1d2 Rxd2 32. Rxd2 Qe3 33. Qc2 Nb7 34. Rd4
Qe1 35. Rd1 Qe3 36. Rd4 Nc5 37. Rxc4 Rb8 38. Rb4 Rc8 39. Rb1 a5 40. c4 h4 41.
Qe2 Qf4 42. Rd1 Na4 43. Qd2 Qg3 44. Qxa5 Nc5 45. Qc3+ f6 46. Qc2 Ra8 47. Ra1 Qe5
48. Qb1 Qc3 49. Qc1 Qe5 50. a3 Ra4 51. Qb1 Ra8 52. a4 Nxa4 53. Ra3 Nc3 54. Qa1
Rxa3 55. Qxa3 Qd4 56. Qc1 g5 57. Qc2 Kf7 58. Qd3 Qe5 59. Kg1 Na4 60. Kh1 Nc5 61.
Qc2 Qd4 62. Qe2 Na4 63. Qd3 Qe5 64. Qc2 Qa1 65. Kg1 Nc3 66. Qf2 Kg7 67. Qe2
Nxe2+ 0-1

[Event "Women's Speed Chess Q4"]
[Site "chess.com INT"]
[Date "2021.06.03"]
[Round "10"]
[White "Obregon Garcia, Roxangel"]
[Black "Nguyen, Hong Ngoc"]
[Result "1/2-1/2"]
[WhiteTitle "WIM"]
[BlackTitle "WCM"]
[WhiteElo "2167"]
[BlackElo "1957"]
[WhiteFideId "3520420"]
[BlackFideId "12403083"]
[EventDate "2021.06.03"]

1. d4 d5 2. c4 c6 3. Nc3 Nf6 4. Bg5 Ne4 5. Nxe4 dxe4 6. Qd2 h6 7. Bf4 Na6 8. a3
Nc7 9. e3 Bf5 10. Ne2 e6 11. Nc3 Bg6 12. Be2 Be7 13. O-O O-O 14. f3 exf3 15.
Bxf3 Bg5 16. Bxg5 Qxg5 17. Rad1 Rad8 18. Qf2 e5 19. d5 cxd5 20. cxd5 e4 21. Bxe4
Bxe4 22. Nxe4 Qe5 23. Qf3 Rxd5 24. Nc3 Rxd1 25. Rxd1 Re8 26. Rd3 b6 27. e4 Ne6
28. Rd5 Qc7 29. h4 Rd8 30. Rf5 Nd4 31. Qf4 Qxc3 32. bxc3 Ne2+ 33. Kf2 Nxf4 34.
Rxf4 Rd2+ 35. Kg3 Ra2 36. e5 Rxa3 37. Rc4 b5 38. Rc8+ Kh7 39. Kf4 Ra4+ 40. Kf5
Rc4 41. Ra8 Rxc3 42. Rxa7 Rc2 43. Rxf7 Rxg2 44. Rb7 Rf2+ 45. Ke6 Rf4 46. h5 Rh4
47. Rxb5 Rxh5 48. Rb7 Kg6 49. Kd6 Rg5 50. e6 Rg1 51. Ke7 Rd1 52. Kf8 Re1 53. e7
h5 54. e8=Q+ Rxe8+ 55. Kxe8 Kf5 56. Rxg7 h4 57. Kf7 h3 58. Ke7 Kf4 59. Kf6 h2
60. Rh7 Kg3 61. Kg5 Kg2 62. Kg4 h1=Q 63. Rxh1 Kxh1 1/2-1/2

[Event "Women's Speed Chess Q4"]
[Site "chess.com INT"]
[Date "2021.06.03"]
[Round "10"]
[White "Tokhirjonova, Gulrukhbegim"]
[Black "Nguyen, Thi Mai Hung"]
[Result "1/2-1/2"]
[WhiteTitle "WGM"]
[BlackTitle "WGM"]
[WhiteElo "2350"]
[BlackElo "2254"]
[WhiteFideId "14203626"]
[BlackFideId "12401676"]
[EventDate "2021.06.03"]

1. e4 e6 2. d4 d5 3. e5 c5 4. c3 Nc6 5. Nf3 Qb6 6. Be2 Nh6 7. Bxh6 gxh6 8. Qd2
Bd7 9. O-O Bg7 10. Na3 cxd4 11. cxd4 Qb4 12. Qf4 O-O 13. Nb5 Qxb2 14. Rfe1 f6
15. exf6 Rxf6 16. Qc7 Rf7 17. Nd6 Re7 18. Rab1 Qxa2 19. Ra1 Qc2 20. Qxb7 Rf8 21.
Nb5 Be8 22. Qa6 Ref7 23. Rac1 Nb4 24. Qa3 Qg6 25. Qxb4 Rxf3 26. Bxf3 Rxf3 27.
Nd6 Rf8 28. Rc8 Bd7 29. Rc7 Be8 30. Re7 Bf7 31. Nxf7 Rxf7 32. R7xe6 Qf5 33. Qd2
h5 34. h3 Bf8 35. Re8 Rg7 36. R1e5 Qxh3 37. f3 Qxf3 38. Qf2 Qxf2+ 39. Kxf2 Rf7+
40. Ke3 h4 41. Rxd5 Kg7 42. Rg5+ Kf6 43. Rg4 Bh6+ 44. Kd3 Bg5 45. Rge4 Kf5 46.
R8e5+ Kg6 47. Rg4 h6 48. d5 Rf2 49. Re6+ Kf5 50. Rge4 Rd2+ 51. Kc4 Rc2+ 52. Kb3
Rd2 53. R6e5+ Kg6 54. Re2 Rd3+ 55. Kc4 Rd1 56. Kc5 a5 57. d6 a4 58. Rd5 Rc1+ 59.
Kb5 a3 60. d7 Rb1+ 61. Ka4 Rb8 62. Kxa3 Rd8 63. Ka4 Kh5 64. Kb5 Kg4 65. Kc6 Kg3
66. Kc7 h3 67. Rxg5+ hxg5 68. gxh3 Rxd7+ 69. Kxd7 Kxh3 70. Ke6 g4 71. Kf5 g3 72.
Kf4 g2 73. Re1 Kh2 74. Re2 Kh3 75. Re3+ Kh2 76. Re2 Kh3 1/2-1/2

[Event "Women's Speed Chess Q4"]
[Site "chess.com INT"]
[Date "2021.06.03"]
[Round "10"]
[White "Purtseladze, Maka"]
[Black "Bodnaruk, Anastasia"]
[Result "1-0"]
[WhiteTitle "IM"]
[BlackTitle "IM"]
[WhiteElo "2274"]
[BlackElo "2457"]
[WhiteFideId "13602659"]
[BlackFideId "4181751"]
[EventDate "2021.06.03"]

1. d4 Nf6 2. Bg5 d5 3. e3 Nbd7 4. Nf3 g6 5. Bd3 Bg7 6. Nbd2 O-O 7. O-O c5 8. c3
b6 9. a4 Bb7 10. h3 Ne4 11. Bf4 Re8 12. Bb5 Nd6 13. Bxd6 exd6 14. a5 bxa5 15.
Qa4 Re7 16. Qxa5 Nb6 17. Ba6 Bxa6 18. Qxa6 Qc7 19. Qb5 Rb8 20. Qd3 a5 21. b3 c4
22. bxc4 dxc4 23. Qc2 a4 24. Rfb1 d5 25. Rb5 Qc6 26. Qb2 Reb7 27. Nb1 Nd7 28.
Rxb7 Rxb7 29. Qa2 Bf8 30. Nfd2 Nb6 31. Na3 Bd6 32. Rb1 Nd7 33. Rxb7 Qxb7 34. Qb1
Qxb1+ 35. Ndxb1 f5 36. Nb5 Be7 37. N1a3 Nb6 38. f3 Kf7 39. Kf2 g5 40. e4 fxe4
41. fxe4 dxe4 42. Ke3 Bxa3 43. Nxa3 Nd5+ 44. Kxe4 Nxc3+ 45. Ke5 Ke7 46. Nxc4 Nb5
47. d5 a3 48. d6+ Nxd6 49. Nxa3 h5 50. Nc2 g4 51. h4 Nf7+ 52. Kf5 Nd6+ 53. Kg5
g3 54. Kxh5 Ne4 55. Kg4 Kf6 56. Ne3 Kg6 57. Nd5 Kh6 58. Nf4 Nf2+ 59. Kxg3 Ne4+
60. Kg4 Nf2+ 61. Kf5 Nh1 62. g4 Ng3+ 63. Kf6 Ne4+ 64. Ke5 Nf2 65. g5+ Kg7 66.
Kf5 Kh7 67. Ne6 Nh3 68. g6+ Kh6 69. Kf6 Nf4 70. g7 Nh5+ 71. Kf7 Nxg7 72. Nxg7
Kh7 73. Kf6 Kh6 74. h5 Kh7 75. Nf5 Kg8 76. Kg6 Kh8 77. h6 Kg8 78. Ng3 Kh8 79.
Ne4 Kg8 80. Ng5 Kh8 81. Nf7+ Kg8 82. h7+ 1-0

[Event "Women's Speed Chess Q4"]
[Site "chess.com INT"]
[Date "2021.06.03"]
[Round "10"]
[White "Bivol, Alina"]
[Black "Balabayeva, Xeniya"]
[Result "1/2-1/2"]
[WhiteTitle "WGM"]
[BlackTitle "WFM"]
[WhiteElo "2385"]
[BlackElo "2178"]
[WhiteFideId "4100123"]
[BlackFideId "13719688"]
[EventDate "2021.06.03"]

1. b3 d5 2. Bb2 Bg4 3. h3 Bh5 4. Nf3 Bxf3 5. exf3 Nd7 6. f4 Ngf6 7. g3 e6 8. Bg2
Bd6 9. O-O O-O 10. d3 Re8 11. Nd2 e5 12. fxe5 Bxe5 13. Bxe5 Nxe5 14. Nf3 Qd6 15.
Nd4 c5 16. Nf5 Qd7 17. g4 Rad8 18. f4 Ng6 19. Qd2 d4 20. Rae1 h5 21. Bf3 hxg4
22. hxg4 Qc7 23. Rxe8+ Rxe8 24. Bd1 Nd5 25. Re1 Rd8 26. Re4 Ndxf4 27. Qh2 Rc8
28. Bf3 Ne6 29. Qxc7 Rxc7 30. Nd6 Rd7 31. Nxb7 Nh4 32. Bh1 Kh7 33. Na5 Ng5 34.
Re8 Kg6 35. Nc4 f6 36. Nd2 Kf7 37. Rh8 Ng6 38. Rc8 Ne5 39. Rxc5 Nxg4 40. Nc4 Kg6
41. Rc6 Re7 42. Kf1 Nh2+ 43. Kg2 Re2+ 44. Kg3 Nf1+ 45. Kf4 Rf2+ 46. Kg4 Kh7 47.
Be4+ g6 48. Kh4 Kh6 49. Ne5 fxe5 50. Rxg6+ Kh7 51. Rxg5+ Kh8 52. Rh5+ Kg7 53.
Rxe5 Kf6 54. Ra5 Ne3 55. Rxa7 Rxc2 56. a4 Ke5 57. Re7+ Kf4 58. Rf7+ Ke5 59. a5
Rb2 60. a6 Ra2 61. a7 Nd5 62. Rf5+ Ke6 63. Rxd5 Rxa7 64. Re5+ Kxe5 65. Bg6 Ra3
66. Bf7 Kf4 67. Bc4 Ke3 68. b4 Ra4 69. b5 Rb4 70. Kg5 Kd2 71. Kf4 Kc3 72. Ke4
Rxc4 73. dxc4 d3 74. b6 d2 75. b7 d1=Q 76. b8=Q Qe2+ 77. Kd5 Qxc4+ 78. Ke5 Qd4+
79. Ke6 Qe4+ 80. Qe5+ Qxe5+ 81. Kxe5 1/2-1/2

[Event "Women's Speed Chess Q4"]
[Site "chess.com INT"]
[Date "2021.06.03"]
[Round "11"]
[White "Vu, Bui Thi Thanh Van"]
[Black "Nguyen, Hong Ngoc"]
[Result "0-1"]
[WhiteTitle "WFM"]
[BlackTitle "WCM"]
[WhiteElo "1750"]
[BlackElo "1957"]
[WhiteFideId "12408921"]
[BlackFideId "12403083"]
[EventDate "2021.06.03"]

1. d4 d5 2. Nf3 Nf6 3. e3 Bf5 4. c4 c6 5. Nc3 a6 6. cxd5 cxd5 7. Ne5 Nc6 8. Nxc6
bxc6 9. Bd3 Bg6 10. O-O e6 11. Bxg6 hxg6 12. Qa4 Qc7 13. Bd2 Qxh2# 0-1

[Event "Women's Speed Chess Q4"]
[Site "chess.com INT"]
[Date "2021.06.03"]
[Round "11"]
[White "Enkhtuul, Altan-Ulzii"]
[Black "Bommini, Mounika Akshaya"]
[Result "1-0"]
[WhiteTitle "WGM"]
[BlackTitle "WFM"]
[WhiteElo "2228"]
[BlackElo "2029"]
[WhiteFideId "4901444"]
[BlackFideId "25019872"]
[EventDate "2021.06.03"]

1. d4 Nf6 2. Nc3 d5 3. Bf4 c5 4. e3 cxd4 5. exd4 a6 6. Nf3 Nc6 7. Ne5 Bf5 8. Bd3
Bg6 9. Bxg6 hxg6 10. h3 e6 11. O-O Bd6 12. Re1 Ne7 13. Ne2 Nf5 14. Ng3 Nh4 15.
Qe2 Nh5 16. Bd2 Nxg3 17. fxg3 Nf5 18. Nxf7 Kxf7 19. Qxe6+ Kf8 20. g4 Ng3 21.
Rf1+ Nxf1 22. Rxf1+ Qf6 23. Rxf6+ gxf6 24. Qxf6+ Kg8 25. Qxg6+ 1-0

[Event "Women's Speed Chess Q4"]
[Site "chess.com INT"]
[Date "2021.06.03"]
[Round "11"]
[White "Osmak, Iulija"]
[Black "Mammadova, Gulnar"]
[Result "1/2-1/2"]
[WhiteTitle "IM"]
[BlackTitle "IM"]
[WhiteElo "2425"]
[BlackElo "2382"]
[WhiteFideId "14101602"]
[BlackFideId "13403508"]
[EventDate "2021.06.03"]

1. b4 e6 2. Bb2 Nf6 3. b5 b6 4. e3 Bb7 5. Nf3 Be7 6. Be2 O-O 7. O-O a6 8. a4
axb5 9. axb5 Rxa1 10. Bxa1 d6 11. c4 Nbd7 12. d4 Ne4 13. Nfd2 f6 14. Nxe4 Bxe4
15. Nc3 Bb7 16. Bf3 Qa8 17. Bb2 Bxf3 18. Qxf3 Qxf3 19. gxf3 Ra8 20. Ra1 Rxa1+
21. Bxa1 Kf7 22. Kf1 f5 23. Ke2 g5 24. h3 h5 25. Bb2 Bf8 26. Kd3 Be7 27. Ne2 Kg6
28. Bc3 h4 29. e4 fxe4+ 30. fxe4 e5 31. f3 exd4 32. Bxd4 Bf6 33. Ke3 Bxd4+ 34.
Nxd4 Ne5 35. Ne6 Nxc4+ 36. Ke2 Kf6 37. Nxc7 Ke5 38. Nd5 Kd4 39. Kf2 Kc5 40. Nc7
Kb4 41. Ke2 Kc5 42. Kd3 Ne5+ 43. Ke3 Nc4+ 44. Kd3 Ne5+ 45. Ke3 Nc4+ 46. Kd3 1/2-1/2

[Event "Women's Speed Chess Q4"]
[Site "chess.com INT"]
[Date "2021.06.03"]
[Round "11"]
[White "Ziegenfuss, Antonia"]
[Black "Arpita, Mukherjee"]
[Result "1-0"]
[WhiteTitle "WFM"]
[BlackTitle "WIM"]
[WhiteElo "2157"]
[BlackElo "2206"]
[WhiteFideId "12962554"]
[BlackFideId "5056403"]
[EventDate "2021.06.03"]

1. d4 Nf6 2. Bg5 Ne4 3. h4 c5 4. d5 Qb6 5. Nd2 Nf6 6. Bxf6 Qxf6 7. c3 d6 8. Ngf3
Bg4 9. e3 h5 10. Bd3 Nd7 11. Ne4 Qh6 12. Be2 g6 13. Nfg5 Bxe2 14. Qxe2 Bg7 15.
O-O Nf6 16. Qb5+ Kf8 17. Qxb7 Re8 18. Nxd6 Nh7 19. Ndxf7 Nxg5 20. Nxh6 Ne4 21.
f3 Nd6 22. Qxa7 Bxh6 23. Qxc5 Rc8 24. Qd4 Kf7 25. e4 Nc4 26. Rfe1 Nxb2 27. Rab1
Nc4 28. e5 Rhd8 29. e6+ Kg8 30. Rb7 Bg7 31. Qd3 Ne5 32. Rxe5 Bxe5 33. Qxg6+ Kf8
34. Qf7# 1-0

[Event "Women's Speed Chess Q4"]
[Site "chess.com INT"]
[Date "2021.06.03"]
[Round "11"]
[White "Girya, Olga"]
[Black "Pavlidou, Ekaterini"]
[Result "0-1"]
[WhiteTitle "WGM"]
[BlackTitle "WIM"]
[WhiteElo "2451"]
[BlackElo "2157"]
[WhiteFideId "4195752"]
[BlackFideId "4213262"]
[EventDate "2021.06.03"]

1. d4 Nf6 2. Nf3 e6 3. c4 Bb4+ 4. Bd2 Nc6 5. g3 O-O 6. Bxb4 Nxb4 7. a3 Nc6 8.
Nc3 d5 9. cxd5 exd5 10. Bg2 Bf5 11. O-O h6 12. Rc1 Ne7 13. Ne5 c6 14. b4 a6 15.
a4 Qd6 16. Qb3 Ne4 17. Rfd1 Be6 18. Nd3 f5 19. Nc5 Nxc5 20. bxc5 Qd7 21. e3 Rf7
22. Ne2 g5 23. Rb1 Ng6 24. Rd2 Raf8 25. Rdb2 Qc8 26. Qc2 Kg7 27. f4 g4 28. Nc1
h5 29. Nd3 Rh8 30. Qc3 h4 31. Kf2 hxg3+ 32. hxg3 Kf6 33. Ne5 Rfh7 34. Rh1 Rxh1
35. Bxh1 Rxh1 36. Kg2 Qh8 0-1

[Event "Women's Speed Chess Q4"]
[Site "chess.com INT"]
[Date "2021.06.03"]
[Round "11"]
[White "Doluhanova, Evgeniya"]
[Black "Gaponenko, Inna"]
[Result "1/2-1/2"]
[WhiteTitle "WGM"]
[BlackTitle "IM"]
[WhiteElo "2207"]
[BlackElo "2357"]
[WhiteFideId "14112035"]
[BlackFideId "14101181"]
[EventDate "2021.06.03"]

1. Nf3 g6 2. c4 Bg7 3. Nc3 c5 4. e4 Nc6 5. d3 d6 6. Be3 e5 7. Qd2 Be6 8. g3 h6
9. Bg2 Nd4 10. O-O Ne7 11. Nd5 Nxd5 12. cxd5 Bh3 13. Bxd4 Bxg2 14. Kxg2 exd4 15.
Ng1 O-O 16. f4 f5 17. Rae1 Qc7 18. Nf3 Rae8 19. b3 b5 20. Nh4 Kh7 21. exf5 gxf5
22. Rxe8 Rxe8 23. Re1 Rf8 24. Qe2 Qb7 25. Qf3 a5 26. Re6 a4 27. Rxd6 axb3 28.
axb3 c4 29. bxc4 bxc4 30. dxc4 Qb2+ 31. Kh3 Qc2 32. Qh5 Qxc4 33. Qg6+ Kh8 34.
Rd7 Qf1+ 35. Ng2 Rg8 36. Qxf5 d3 37. Rxg7 Rxg7 38. Qf8+ Kh7 39. Qf5+ Kh8 40.
Qf8+ Kh7 41. Qf5+ Kh8 1/2-1/2

[Event "Women's Speed Chess Q4"]
[Site "chess.com INT"]
[Date "2021.06.03"]
[Round "11"]
[White "Kairbekova, Amina"]
[Black "Zaichenko, Daria"]
[Result "0-1"]
[WhiteTitle "WFM"]
[BlackTitle "WFM"]
[WhiteElo "2132"]
[BlackElo "2104"]
[WhiteFideId "13712799"]
[BlackFideId "4197453"]
[EventDate "2021.06.03"]

1. e4 c5 2. Nf3 Nc6 3. d4 cxd4 4. Nxd4 Nf6 5. Nc3 d6 6. Bg5 e6 7. Qd2 a6 8.
O-O-O Bd7 9. f4 Be7 10. Kb1 Qa5 11. Nf3 b5 12. Bxf6 gxf6 13. f5 O-O-O 14. Nd4
Nxd4 15. Qxd4 Kb7 16. Bd3 Qb6 17. Qxb6+ Kxb6 18. Ne2 Rhg8 19. g3 Bc6 20. Rhf1 d5
21. exd5 Bxd5 22. fxe6 fxe6 23. Nf4 Bc5 24. Rde1 Rd6 25. Nxd5+ exd5 26. Re7 h5
27. Rh7 Rg5 28. Rf7 Bd4 29. c3 Be5 30. Kc2 d4 31. cxd4 Bxd4 32. Rf5 Rxf5 33.
Bxf5 Be3 34. Kc3 Bd4+ 35. Kc2 Be3 36. Rh7 Rd2+ 37. Kc3 Rxh2 38. Rh6 Bxh6 0-1

[Event "Women's Speed Chess Q4"]
[Site "chess.com INT"]
[Date "2021.06.03"]
[Round "11"]
[White "Cyfka, Karina"]
[Black "Pham, Le Thao Nguyen"]
[Result "1-0"]
[WhiteTitle "IM"]
[BlackTitle "IM"]
[WhiteElo "2415"]
[BlackElo "2369"]
[WhiteFideId "1122681"]
[BlackFideId "12401226"]
[EventDate "2021.06.03"]

1. d4 d5 2. c4 c6 3. Nf3 Nf6 4. e3 Bg4 5. Qb3 Qb6 6. Ne5 Bf5 7. Nc3 e6 8. h3
Nbd7 9. g4 Qxb3 10. axb3 Bc2 11. c5 Nxe5 12. dxe5 Nd7 13. b4 Nxe5 14. Kd2 Bg6
15. f4 Nd7 16. Bd3 Bxd3 17. Kxd3 g6 18. h4 h5 19. g5 Bg7 20. Bd2 O-O 21. Ne2 e5
22. Bc3 Rfe8 23. Rhf1 f5 24. gxf6 Bxf6 25. f5 Kh7 26. fxg6+ Kxg6 27. Rg1+ Kf7
28. Raf1 Rg8 29. Ng3 Ke6 30. Nxh5 Bxh4 31. Ng7+ Rxg7 32. Rxg7 Rh8 33. Rh1 Rh6
34. Rg4 Bg5 35. Rxh6+ Bxh6 36. Rg6+ 1-0

[Event "Women's Speed Chess Q4"]
[Site "chess.com INT"]
[Date "2021.06.03"]
[Round "11"]
[White "Chu, Ruotong"]
[Black "Sviridova, Vlada"]
[Result "0-1"]
[WhiteTitle "WIM"]
[BlackTitle "WFM"]
[WhiteElo "2207"]
[BlackElo "2144"]
[WhiteFideId "8605653"]
[BlackFideId "24109606"]
[EventDate "2021.06.03"]

1. Nf3 d5 2. g3 Nf6 3. Bg2 c6 4. O-O Bf5 5. c4 e6 6. Nc3 Be7 7. Nh4 Bg4 8. h3
Bh5 9. cxd5 exd5 10. Nf5 O-O 11. Nxe7+ Qxe7 12. d4 Re8 13. Bg5 h6 14. Be3 Nbd7
15. a3 Nb6 16. b3 Bg6 17. Bf4 Ne4 18. Nxe4 dxe4 19. Bd2 Nd5 20. e3 h5 21. h4 f5
22. Qe2 Bf7 23. Rfe1 g6 24. b4 a6 25. f3 exf3 26. Bxf3 Qd6 27. Qf2 Nf6 28. Rab1
Ne4 29. Bxe4 Rxe4 30. a4 Rg4 31. Kh2 Rxh4+ 32. Kg2 Bd5+ 33. e4 Rxe4 34. Rxe4
Bxe4+ 0-1